000 00236nam a2200097Ia 4500
008 171211s9999 xx 000 0 und d
245 2 _aA Guide To Modern U.s. Army Weapons
245 _cV.M. DeMola
260 _c2012
650 _xMilitary
999 _c348341
_d348341